La hora de los pueblos /

Guardado en:
Autor Principal: Perón, Juan Domingo
Formato: Libro
Publicado: Buenos Aires : Presente, 1973
Materias:
Etiquetas: Agregar Etiqueta
Sin Etiquetas, Sea el primero en etiquetar este registro!
LEADER 00848nam a22001935a 4500
001 CEM.cems013793
005 20130221162620.0
008 130507s1973##################000#0#####d
003 CEMS
082 0 4 |a 320.982 
100 1 |a Perón, Juan Domingo 
245 1 0 |a La hora de los pueblos /  |c Juan Domingo Perón 
260 |a Buenos Aires :  |b Presente,  |c 1973 
300 |a 193 p. 
505 0 |a El concepto justicialista. -- La penetración imperialista y la tragedia del dolar. -- La penetración imperialista en iberoamérica. -- La integración latinoamericana. -- El mercado común latinoamericano y la alianza para el progreso. -- El problema político argentino. -- Los deberes de la juventud. -- Conclusiones 
653 |a Política 
653 |a Política argentina 
653 |a Peronismo 
859 |a CEMS  |b BIB. CEMS - 11 de abril  |h 320.982  |i P424  |p 26548.13  |t Ej.1